000 00695nam a2200265Ia 4500
005 20260121172805.0
008 008 260114s9999 xx 000 0 eng d
020 _a9783030739201
037 _aEBOOK
040 _aCRL
040 _beng
040 _cCRL
041 _2eng
041 _aeng
084 _qCRL
100 _aSamson A. Oyeyinka, Beatrice I. O. Ade-Omowaye
_91092768
245 0 _aFood and Potential Industrial Applications of Bambara Groundnut
260 _bSpringer
260 _bSpringer
260 _c2021
856 _uhttps://link.springer.com/openurl?genre=book&isbn=978-3-030-73920-1
942 _cEBOOK
999 _c1658508
_d1658508